| 000 | 01231 a2200229 4500 | ||
|---|---|---|---|
| 001 | 32019 | ||
| 005 | 20260407155621.0 | ||
| 008 | 260407a2010 arg spa d | ||
| 003 | AR-UNSa-BCEJYS | ||
| 040 |
_aAR-UNSa-BCEJYS _bspa _cAR-UNSa-BCEJYS |
||
| 080 |
_a316.42 _xCambio social en sociedades globales. Desarrollo social. Sociología del desarrollo (Desarrollo Humano) |
||
| 245 | 1 | 0 |
_aInforme nacional sobre desarrollo humano 2010 _pDesarrollo humano en Argentina: trayectos y nuevos desafíos |
| 020 | _a978-987-1560-18-9 | ||
| 264 | 1 |
_aBuenos Aires : _bPrograma de las Naciones Unidas para el Desarrollo (PNUD) _c2010 |
|
| 300 |
_a179 p. _c30 cm. |
||
| 505 | _a1. El desarrollo humano en Argentina (1970-2010): una mirada más allá de la coyuntura - 2. El crecimiento económico en el largo plazo - 3. La salud en el largo plazo - 4. La educación en el largo plazo - 5. Hacia una nueva agenda del desarrollo humano | ||
| 041 | _aspa | ||
| 942 | _cBK | ||
| 590 | _aniveau_biblio:m niveau_hierar:0 | ||
| 100 | 1 | _aPrograma de las Naciones Unidas para el Desarrollo (PNUD) | |
| 856 | 4 | 1 |
_uhttps://biblioeco.unsa.edu.ar/pmb/images/libros/Informe nacional sobre desarrollo humano 2010-l125140.jpg _yImagen de portada _qimage/jpeg |
| 999 |
_c2232 _d2232 |
||